000 00846cam a22002657i 4500
001 1796
005 20231211152536.0
020 _a9780593377642
_q(board)
020 _z9780593381168
_q(ebook)
020 _a9781526361004
040 _aDLC
_beng
_erda
_cDLC
_dDLC
_dFISKH
050 0 0 _aQ141.I33
082 _a509.2
100 1 _aIgnotofsky, Rachel,
_d1989-
_eauthor.
245 1 0 _aWomen in science /
_cby Rachel Ignotofsky.
300 _a127 pages :
_bcolor illustrations ;
_c20 cm
505 _aU
520 _a"Inspire budding scientists with this new edition of the New York Times bestseller, created especially for younger readers!"--
_cProvided by publisher.
521 _a990
_bLexile
521 _aU
_bRaz-Plus
650 _2Science
650 _2Women
906 _a7
_bcbc
_corignew
_d4
_eepcn
_f20
_gy-gencatlg
942 _2ddc
_cBK
_n0
999 _c1796
_d1796